000 01005nam a22002655i 4500
001 165895
003 ES-MaACL
005 20230906213227.0
008 020808s1898 fr |||| | fre d
040 _aCCPB | B
_bspa
_cCCPB | B
100 1 _aSully, James.
_9108763
245 1 0 _aÉtudes sur l'enfance /
_cpar James Sully ; traduit de l'anglais par A. Monod ; précédé d'une préface par G. Compayré.
260 _aParis :
_bAncienne Librairie Germer Baillière et C\pie\s, Félix Alcan, éditeur,
_c1898 (
_eCoulommiers :
_fImp. Paul Brodard)
300 _aXXXII, 555 p. ;
_c22 cm.
490 1 _aBibliothèque de philosophie contemporaine
650 4 _aNiños.
_9136596
700 1 1 _aMonod, A.,
_etrad.
_9130067
700 1 1 _aCompayré, G.,
_epr.
_9126556
752 _aFrancia -
_dParís
752 _aFrancia -
_dCoulommiers
830 0 _aBibliothèque de philosophie contemporaine
_9181027
852 _aES-MaACL
_jB-5589
_z-- Enc. hol.
999 _c165895
_d165895